000 00935nam a2200229Ia 4500
001 L010-147
003 IT-CnALBA
008 170116s9999||||xx |||||||||||||| ||und||
040 _aIT-CnALBA
_cIT-CnALBA
041 _aPOLIGLOTTA
100 _aLEONE XIII, PAPA GIOACHINO PECCI
245 0 _aINDEX LIBRORUM PROHIBITORUM
250 _a1a ed.
260 _a TORINO - ROMA
_bMARIETTI EDITORE
_cn.d.
300 _a317 p. (prefazione: 23)
500 _aCOSTITUZIONE APOSTOLICA SULL'ESAME DEI LIBRI PROIBITI. ELENCO ALFABETICO DEGLI AUTORI E DEI RELATIVI SCRITTI PROIBITI. S. UFFICIO.
501 _aSocietà San Paolo EM - Piazza San Paolo, 14 - 12051 ALBA (CN) (non commercial uses only) ® Copyright 2017
520 _aCOSTITUZIONE APOSTOLICA SULL'ESAME DEI LIBRI PROIBITI. ELENCO ALFABETICO DEGLI AUTORI E DEI RELATIVI SCRITTI PROIBITI. S. UFFICIO.
650 _aBIBLIOGRAFIE E CATALOGHI
942 _cBK
957 _71
999 _a246
_bNO
_g Copie: 1
_c259384
_d259384